Hauptstädte Afrika - schwer - Statistiken

Allgemein
  • Dieses Quiz wurde 64 mal gespielt
  • Das Durchschnittsergebnis liegt bei 14 aus 21
Antwortstatistiken
Land Hauptstadt % Korrekt
Namibia Windhoek
85%
Liberia Monrovia
83%
Eritrea Asmara
76%
Südsudan Juba
76%
Simbabwe Harare
71%
Guinea Conakry
68%
Botswana Gaborone
68%
Kamerun Jaunde
68%
Mauritius Port Louis
68%
Ruanda Kigali
66%
Malawi Lilongwe
66%
Sambia Lusaka
66%
Tschad N'Djamena
66%
Mali Bamako
63%
Gambia Banjul
63%
Burundi Gitega
63%
Eswatini Mbabane
61%
Komoren Moroni
61%
Lesotho Maseru
59%
Zentralafrikanische Republik Bangui
56%
Benin Cotonou
39%
Keine übereinstimmenden Quizze gefunden
Verteilung der Resultate
Anzahl Personen mit jedem Resultat
Perzentil nach korrekt beantworteten Fragen
Ihre Resultats-Entwicklung
Sie haben dieses Quiz noch nicht gespielt